| 000 | 01564nam a2200241Ia 4500 | ||
|---|---|---|---|
| 999 |
_c40411 _d40411 |
||
| 001 | 7019 | ||
| 003 | GE_BSU | ||
| 005 | 20231114112538.0 | ||
| 008 | 181216s2013||||ge |||||||||||||| ||geo|| | ||
| 040 | _cGE_BSU | ||
| 041 | _ageo | ||
| 080 | _a378.4(479.223)(063)+94(479.223) ჩ-55 | ||
| 245 |
_aჩვენი სულიერების ბალავარი : _bსაერთაშორისო სამეცნიერო კონფერენციის მასალები V / _cმთ. რედ. ბიჭიკო დიასამიძე ; ტომის რედ. მანუჩარ ლორია ; სარედ. საბჭო მიტროპოლიტი ანანია (ჯაფარიძე), გურამ ლორთქიფანიძე და სხვა. |
||
| 264 |
_aთბილისი : _bუნივერსალი, _c2013. |
||
| 300 |
_a365 გვ. : _bილ. ; _c20 სმ. |
||
| 520 | _aრეზიუმე ინგლისურ ენაზე | ||
| 653 | _aგანათლება | ||
| 653 | _aსაერთაშორისო სამეცნიერო კონფერენციის მასალები | ||
| 653 | _aჩვენი სულიერების ბალავარი | ||
| 700 |
_aდიასამიძე, ბიჭიკო _eმთავარი რედაქტორი _920368 |
||
| 700 |
_aლორია, მანუჩარ _eტომის რედაქტორი _92194 |
||
| 942 |
_cBK _2udc |
||